Normal view
MARC view
Entry Πρόσωπο
001 - ΑΡΙΘΜΟΣ ΕΛΕΓΧΟΥ
- Πεδίο ελέγχου: 416
005 - ΗΜΕΡΟΜΗΝΙΑ - ΩΡΑ ΤΕΛΕΥΤΑΙΑΣ ΕΝΗΜΕΡΩΣΗΣ
- Πεδίο ελέγχου: 20250702124542.0
008 - ΣΤΟΙΧΕΙΑ ΔΕΔΟΜΕΝΩΝ ΣΤΑΘΕΡΟΥ ΜΗΚΟΥΣ
- Πεδίο ελέγχου σταθερού μήκους: 250528n|b|ca|||||||||||||||||||a|||||||d
040 ## - ΠΗΓΗ ΚΑΤΑΛΟΓΟΓΡΑΦΗΣΗΣ
- Φορέας πρωτότυπης καταλογογράφησης: GR-AtMCL
- Γλώσσα καταλογογράφησης: gre
- Φορέας που τροποποιεί: GR-AtMCL
- Κανόνες περιγραφής: AACR2
100 1# - ΕΠΙΚΕΦΑΛΙΔΑ - ΟΝΟΜΑ ΠΡΟΣΩΠΟΥ
- Όνομα φυσικού προσώπου: Winnicott, D. W.
- Χρονολογίες: 1896-1971
- Τίτλος και άλλες λέξεις που συνοδεύουν το όνομα: (Donald Woods)
400 ## - ΠΑΡΑΠΟΜΠΗ ΒΛΕΠΕ - ΟΝΟΜΑ ΠΡΟΣΩΠΟΥ
- Όνομα φυσικού προσώπου: Βίννικοτ, Ντόναλντ,
- Χρονολογίες: 1896-1971
942 ## - KOHA INTERNAL USE
- Τύπος καθιερωμένου αρχείου: PERSO_NAME